State Of Origin I Squads 2021 - Statistics

General Stats
  • This quiz has been taken 3 times
  • The average score is 33 of 36
Answer Stats
POS. Players % Correct
INT. Alexander Brimson
100%
18th Apisai Koroisau
100%
WNG Brian To'o
100%
F/E Cameron Munster
100%
SRW Cameron Murray
100%
PRP Christian Welch
100%
HB Daly Cherry-Evans
100%
HKR Damien Cook
100%
CTR Dane Gagai
100%
PRP Daniel Saifiti
100%
SRW David Fifita
100%
SRW Felise Kaufusi
100%
HKR Harry Grant
100%
LCK Isaah Yeo
100%
INT. Jack Wighton
100%
LCK Jai Arrow
100%
PRP Jake Trbojevic
100%
FB James Tedesco
100%
F/E Jarome Luai
100%
WNG Josh Addo-Carr
100%
INT. Junior Paulo
100%
CTR Kurt Capewell
100%
CTR Latrell Mitchell
100%
INT. Moeaki Fotuaika
100%
HB Nathan Cleary
100%
INT. Payne Haas
100%
SRW Tariq Sims
100%
PRP Tino Fa'asuamaleaui
100%
CTR Tom Trbojevic
100%
FB Valentine Holmes
100%
WNG Xavier Coates
100%
INT. Jayden Su'A
50%
INT. Joe Ofahengaue
50%
WNG Kyle Feldt
50%
INT. Liam Martin
50%
18th Coen Hess
0%
No matching quizzes found
Score Distribution
Percent of People with Each Score
Percentile by Number Answered
Your Score History
You have not taken this quiz